000 01593nam a22004094i 4500
999 _c63704
_d63704
001 768714001
003 CO-MdFUSB
005 20200415154712.0
007 cr cn|||||||||
008 131024t2013 sp gob 001 0 spa d
020 _a9788498306927
_qelectrónico
040 _aCO-MdFUSBC
_bspa
_erda
_cCO-MdFUSB
_dCO-MdFUSBC
041 _aspa
082 0 4 _a291.23
_223
100 1 _aLeón Azcárate, Juan Luis de.
_eautor
245 3 _aLa muerte y su imaginario en la historia de las religiones.
_c/ Juan Luis de León Azcárate.
_h[recurso electrónico]
250 _aSegunda edición
264 1 _aEspaña :
_bUniversidad de Deusto,
_c[2013]
264 4 _c© 2013
300 _arecurso en línea (507 páginas)
_c;
336 _atexto
_2rdacontent
_btxt
337 _ainformático
_2rdamedia
_bc
338 _aremoto
_2rdacarrier
_bcr
347 _2rda
_afichero de texto
_bHtml
490 1 _aSerie Teología
504 _aIncluye Bibliografía
505 _aLas grandes religiones extinguidas. -- Las grandes religiones actuales. -- A modo de conclusión. -- Fuentes de las ilustraciones
516 _aTexto electrónico
538 _aAcceso a Internet; requiere usuario y clave asignada por la biblioteca
650 4 _aMuerte.
650 4 _aHistoria religiosa.
830 _aSerie Teología
_v32
856 4 0 _uhttp://site.ebrary.com/lib/unisbcsp/Doc?id=10741592
_b10741592
_zAbrir Versión electrónica del libro La muerte y su imaginario en la historia de las religiones
942 _cBK
945 _aJTF-925